[Event "CZE-ch U14"]
[Site "Harrachov"]
[Date "2024.10.30"]
[Round "6"]
[White "Artamonov, Mikhail"]
[Black "Rudlof, Adam"]
[Result "0-1"]
[WhiteElo "1839"]
[BlackElo "1909"]
[PlyCount "104"]
[EventDate "2024.10.26"]
[EventType "swiss"]
[EventRounds "9"]
[EventCountry "CZE"]
[SourceTitle "CB45_2024"]
[Source "ChessBase"]
[SourceDate "2024.11.06"]
[SourceVersion "1"]
[SourceVersionDate "2024.11.06"]
[SourceQuality "1"]

1. e4 c5 2. Nf3 Nc6 3. c4 e5 4. Nc3 d6 5. d3 g6 6. Nd5 h6 7. Be3 Bg7 8. Be2 Nge7 9. Nxe7 Nxe7 10. a3 f5 11. b4 b6 12. Rb1 0-0 13. h4 Nc6 14. Qc1 f4 15. Bd2 g5 16. hxg5 hxg5 17. Nh2 Nd4 18. Bf3 Bd7 19. Ng4 Qc8 20. Qd1 Qe8 21. b5 a6 22. a4 axb5 23. cxb5 Qc8 24. Rc1 Rxa4 25. Qxa4 Bxg4 26. Bxg4 Qxg4 27. Qa2+ Rf7 28. Bc3 Qxg2 29. Rf1 Nf3+ 30. Ke2 Qg4 31. Rh1 Nd4+ 32. Kf1 Qf3 33. Rh2 Qxd3+ 34. Kg2 Qxe4+ 35. Kf1 Nf3 36. Rg2 Qd3+ 37. Qe2 Qxe2+ 38. Kxe2 e4 39. Bxg7 Kxg7 40. Kd1 Kf6 41. Rc4 Ke5 42. Ra4 d5 43. Ra8 Kd4 44. Ke2 Kc4 45. Ra2 d4 46. Rg4 d3+ 47. Kd1 Rh7 48. Rg1 Nxg1 49. Ke1 Nf3+ 50. Kf1 Rh1+ 51. Kg2 Rg1+ 52. Kh3 g4# 0-1

[Event "CZE-ch U14"]
[Site "Harrachov"]
[Date "2024.10.26"]
[Round "1"]
[White "Artamonov, Mikhail"]
[Black "Stor, Jakub"]
[Result "1-0"]
[WhiteElo "1839"]
[BlackElo "1551"]
[PlyCount "77"]
[EventDate "2024.10.26"]
[EventType "swiss"]
[EventRounds "9"]
[EventCountry "CZE"]
[SourceTitle "CB45_2024"]
[Source "ChessBase"]
[SourceDate "2024.11.06"]
[SourceVersion "1"]
[SourceVersionDate "2024.11.06"]
[SourceQuality "1"]

1. e4 e6 2. d4 d5 3. Nc3 Bb4 4. e5 c5 5. a3 Bxc3+ 6. bxc3 c4 7. Qg4 g6 8. Rb1 Nc6 9. Ne2 Nge7 10. Bg5 Qa5 11. Bc1 Nf5 12. Kd1 Rb8 13. Qf4 h5 14. f3 h4 15. Rg1 b5 16. g4 hxg3 17. hxg3 Rh2 18. g4 Rxe2 19. Bxe2 Nfe7 20. Bb2 Qb6 21. Rh1 a5 22. Rh8+ Kd7 23. Bc1 b4 24. cxb4 g5 25. Qe3 axb4 26. axb4 Ng6 27. Rh7 Nf4 28. c3 Ke7 29. Qf2 Qa6 30. Bxf4 gxf4 31. Qh4+ Ke8 32. Qf6 Nd8 33. Rh8+ Kd7 34. Rxd8+ Kc7 35. Qe7+ Kb6 36. Rd6+ Kb5 37. Qe8+ Bd7 38. Qxd7+ Qc6 39. Qxc6# 1-0

[Event "CZE-ch U12"]
[Site "Kouty nad Desnou"]
[Date "2024.03.16"]
[Round "9"]
[White "Kala, Jakub"]
[Black "Artamonov, Mikhail"]
[Result "1-0"]
[WhiteElo "1750"]
[BlackElo "1727"]
[PlyCount "105"]
[EventDate "2024.03.09"]
[EventType "swiss"]
[EventRounds "9"]
[EventCountry "CZE"]
[SourceTitle "CBM 219 Extra"]
[Source "ChessBase"]
[SourceDate "2024.05.31"]
[SourceVersion "1"]
[SourceVersionDate "2024.05.31"]
[SourceQuality "1"]

1. Nf3 Nf6 2. c4 d6 3. d4 g6 4. Nc3 Bg7 5. e4 0-0 6. Be2 e5 7. Be3 Ng4 8. Bg5 f6 9. Bc1 Nc6 10. d5 Ne7 11. h3 Nh6 12. h4 Nf7 13. h5 g5 14. Be3 h6 15. Nd2 f5 16. f3 f4 17. Bf2 a6 18. b4 Bd7 19. Qb3 c6 20. c5 cxd5 21. Nxd5 Nc6 22. cxd6 Kh8 23. Bb6 Nd4 24. Qd1 Qc8 25. Rc1 Bc6 26. Ne7 Qd7 27. Ng6+ Kh7 28. Nxf8+ Rxf8 29. Bxd4 exd4 30. Qc2 Kh8 31. Nc4 Bb5 32. Kf2 Rc8 33. Qb3 Rd8 34. Nb6 Qxd6 35. Bxb5 Qxb6 36. Bd3 Ne5 37. a3 a5 38. Rc5 axb4 39. Rb5 Qc6 40. axb4 Qc3 41. Qxc3 dxc3 42. Be2 Rd2 43. Rd5 Rb2 44. b5 Nc4 45. Rd8+ Kh7 46. Rc1 Ne3 47. Rd7 c2 48. Bd3 Rb1 49. Rxb1 cxb1Q 50. Bxb1 Kg8 51. Rxb7 Nd1+ 52. Ke1 Nc3 53. Bc2 1-0

[Event "CZE-ch U12"]
[Site "Kouty nad Desnou"]
[Date "2024.03.11"]
[Round "4"]
[White "Krisica, Lukas"]
[Black "Artamonov, Mikhail"]
[Result "0-1"]
[WhiteElo "1531"]
[BlackElo "1727"]
[PlyCount "44"]
[EventDate "2024.03.09"]
[EventType "swiss"]
[EventRounds "9"]
[EventCountry "CZE"]
[SourceTitle "CBM 219 Extra"]
[Source "ChessBase"]
[SourceDate "2024.05.31"]
[SourceVersion "1"]
[SourceVersionDate "2024.05.31"]
[SourceQuality "1"]

1. Nf3 Nf6 2. d4 g6 3. c4 d6 4. Nc3 Bg7 5. Bg5 0-0 6. e3 Nbd7 7. Bd3 c5 8. 0-0 h6 9. Bh4 g5 10. Bg3 Nh5 11. Re1 Nxg3 12. hxg3 a6 13. Rc1 Rb8 14. Qc2 Nf6 15. d5 Qc7 16. e4 Ng4 17. a3 b5 18. cxb5 c4 19. Be2 axb5 20. b3 Qa7 21. bxc4 Qxf2+ 22. Kh1 Ne3 0-1

[Event "Klatovy op-B 29th"]
[Site "Klatovy"]
[Date "2023.07.03"]
[Round "3"]
[White "Beranova, Marta"]
[Black "Artamonov, Mikhail"]
[Result "1/2-1/2"]
[WhiteElo "1146"]
[BlackElo "1453"]
[PlyCount "116"]
[EventDate "2023.07.01"]
[EventType "swiss"]
[EventRounds "9"]
[EventCountry "CZE"]
[SourceTitle "CBM 215 Extra"]
[Source "ChessBase"]
[SourceDate "2023.09.30"]
[SourceVersion "1"]
[SourceVersionDate "2023.09.30"]
[SourceQuality "1"]

1. e4 e6 2. d4 d5 3. e5 c5 4. c3 Nc6 5. Be3 Qb6 6. Qd2 c4 7. f4 Nh6 8. Be2 Nf5 9. Bf2 Be7 10. Nf3 Na5 11. 0-0 Bd7 12. Bd1 Qc7 13. Qe1 b5 14. a3 Nc6 15. Nbd2 a5 16. h3 0-0 17. g4 Nh6 18. Bh4 Bxh4 19. Qxh4 b4 20. Bc2 f5 21. Kh2 b3 22. Bb1 Be8 23. Ng5 Qe7 24. Rf2 Bg6 25. Nf1 Nf7 26. Ng3 Nxg5 27. fxg5 f4 28. Ne2 Bxb1 29. Rxb1 h6 30. Qh5 Qxg5 31. Qxg5 hxg5 32. Rbf1 Rf7 33. h4 gxh4 34. Nxf4 Raf8 35. Kg2 Nd8 36. Ng6 Rxf2+ 37. Rxf2 Rxf2+ 38. Kxf2 Kf7 39. Nxh4 g5 40. Nf3 Kg6 41. Kg3 Nc6 42. Nd2 Ne7 43. Nf1 Nc8 44. Ne3 Kf7 45. Kf2 Ke8 46. Ke2 Ne7 47. Ng2 Kd7 48. Kd2 Ng6 49. Ke2 Ke8 50. Kf3 Kf7 51. Kg3 Kg7 52. Kh3 Kh6 53. Kg3 a4 54. Kh3 Nf4+ 55. Nxf4 gxf4 56. Kg2 Kg6 57. Kf2 Kh6 58. Kg2 Kg6 1/2-1/2

[Event "Klatovy op-B 29th"]
[Site "Klatovy"]
[Date "2023.07.02"]
[Round "2"]
[White "Artamonov, Mikhail"]
[Black "Masek, Jan"]
[Result "0-1"]
[WhiteElo "1453"]
[BlackElo "1817"]
[PlyCount "94"]
[EventDate "2023.07.01"]
[EventType "swiss"]
[EventRounds "9"]
[EventCountry "CZE"]
[SourceTitle "CBM 215 Extra"]
[Source "ChessBase"]
[SourceDate "2023.09.30"]
[SourceVersion "1"]
[SourceVersionDate "2023.09.30"]
[SourceQuality "1"]

1. e4 e5 2. Nf3 Nc6 3. d4 exd4 4. c3 d3 5. Bxd3 d6 6. h3 Be7 7. 0-0 Nf6 8. c4 0-0 9. Nc3 Ne5 10. Nxe5 dxe5 11. Bg5 c6 12. Qc2 Be6 13. Rad1 Nd7 14. Bxe7 Qxe7 15. Ne2 Nc5 16. f4 Nxd3 17. Rxd3 Qc5+ 18. Rf2 Qxc4 19. Qxc4 Bxc4 20. Rd7 Rfd8 21. Rxb7 Rd1+ 22. Kh2 Rd2 23. b3 Rxe2 24. Rf3 Ba6 25. Rc7 exf4 26. Rxf4 f6 27. Rg4 g5 28. Rxc6 Bc8 29. Rg3 h6 30. Rxf6 Kg7 31. Rd6 Rxe4 32. Rc3 Be6 33. Rc7+ Kg6 34. Re7 Kf6 35. Rh7 Rh4 36. Rc6 a5 37. g4 Rd8 38. Rc2 Bxg4 39. Rf2+ Kg6 40. Rhf7 Rxh3+ 41. Kg2 Rdd3 42. R2f6+ Kh5 43. Kf2 Rh2+ 44. Kg1 Rxa2 45. Rh7 Rd1+ 46. Rf1 Raa1 47. Rxd1 Bxd1 0-1